<?xml version="1.0" encoding="UTF-8"?>
<record
    xmlns:xsi="http://www.w3.org/2001/XMLSchema-instance"
    xsi:schemaLocation="http://www.loc.gov/MARC21/slim http://www.loc.gov/standards/marcxml/schema/MARC21slim.xsd"
    xmlns="http://www.loc.gov/MARC21/slim">

  <leader>00773nam a2200241 i 4500</leader>
  <controlfield tag="001">98698</controlfield>
  <controlfield tag="003">ES-MaACL</controlfield>
  <controlfield tag="005">20250712031718.0</controlfield>
  <controlfield tag="007">t|</controlfield>
  <controlfield tag="008">051020q19001999sp           ||||1| spa d</controlfield>
  <datafield tag="100" ind1="1" ind2=" ">
    <subfield code="a">Eisenhower, Dwight D.</subfield>
    <subfield code="9">46858</subfield>
  </datafield>
  <datafield tag="245" ind1="1" ind2="0">
    <subfield code="a">Historia de la guerra desde la invasi&#xF3;n hasta la victoria / </subfield>
    <subfield code="c">General Eisenhower ; [traducci&#xF3;n de J. Vallv&#xE9; y F. Guti&#xE9;rrez].</subfield>
  </datafield>
  <datafield tag="250" ind1=" " ind2=" ">
    <subfield code="a">[4&#xAA; ed.].</subfield>
  </datafield>
  <datafield tag="260" ind1=" " ind2=" ">
    <subfield code="a">Barcelona : </subfield>
    <subfield code="b">Mateu, </subfield>
    <subfield code="c">[19-?]</subfield>
  </datafield>
  <datafield tag="300" ind1=" " ind2=" ">
    <subfield code="a">345 p., 7 l&#xE1;m. ; </subfield>
    <subfield code="c">19 cm.</subfield>
  </datafield>
  <datafield tag="490" ind1="1" ind2=" ">
    <subfield code="a">Keops</subfield>
  </datafield>
  <datafield tag="650" ind1="1" ind2="4">
    <subfield code="a">Guerra mundial, 1939-1945.</subfield>
    <subfield code="9">13228</subfield>
  </datafield>
  <datafield tag="700" ind1="1" ind2=" ">
    <subfield code="a">Vallv&#xE9;, Juan.</subfield>
    <subfield code="9">112960</subfield>
  </datafield>
  <datafield tag="700" ind1="1" ind2=" ">
    <subfield code="a">Guti&#xE9;rrez, Fernando,</subfield>
    <subfield code="d">1911-1984</subfield>
    <subfield code="9">156260</subfield>
  </datafield>
  <datafield tag="830" ind1="0" ind2=" ">
    <subfield code="a">Keops</subfield>
    <subfield code="9">187132</subfield>
  </datafield>
  <datafield tag="852" ind1=" " ind2=" ">
    <subfield code="a">ES-MaACL</subfield>
    <subfield code="j">C-11430 </subfield>
    <subfield code="b">R.39477</subfield>
  </datafield>
  <datafield tag="999" ind1=" " ind2=" ">
    <subfield code="c">98698</subfield>
    <subfield code="d">98698</subfield>
  </datafield>
  <datafield tag="952" ind1=" " ind2=" ">
    <subfield code="0">0</subfield>
    <subfield code="1">0</subfield>
    <subfield code="4">0</subfield>
    <subfield code="7">0</subfield>
    <subfield code="8">LIBXIX</subfield>
    <subfield code="a">ATENEOM</subfield>
    <subfield code="b">ATENEOM</subfield>
    <subfield code="c">SPAL</subfield>
    <subfield code="d">2008-01-17</subfield>
    <subfield code="e">SC</subfield>
    <subfield code="l">0</subfield>
    <subfield code="o">C-11430</subfield>
    <subfield code="p">1103038</subfield>
    <subfield code="r">2023-02-23 00:00:00</subfield>
    <subfield code="w">2023-02-23</subfield>
    <subfield code="y">MONANT</subfield>
  </datafield>
</record>
